000 003060000a22001330004500
005 20120302062830.0
942 _cBOOK
100 _a RUSELL,BERTRAND
245 _a HUMAN KNOWLEDGE
260 _aNEW YORK : A GULF WESTERN CO.,1976
300 _a524 P.
040 _aENG
650 _aSANKIRNA/ KNOWLEDGE
999 _c357796
_d357793